|
|
|
|
| LEADER |
00000cam a2200000 7i4500 |
| 001 |
0000002837 |
| 005 |
20040120.0 |
| 020 |
0 |
0 |
|a 9622760058
|
| 090 |
0 |
0 |
|a 915.00222
|b OVE 1988
|
| 245 |
0 |
0 |
|a OVER China
|c photographs by Dan Budnik ... [et al.] ; text by Kevin Sinclair ; foreword by Harrison Salisbury
|
| 260 |
0 |
0 |
|a Hong Kong :
|b Intercontinental Pub.; Beijing :
|b China Great Wall Pub. ,
|c 1988
|
| 300 |
|
|
|a 288 p. :
|b chiefly col. ill., col. map ;
|c 37 cm.
|
| 500 |
0 |
0 |
|a Includes index
|
| 650 |
0 |
0 |
|a China
|x Pictorial works
|
| 700 |
0 |
1 |
|a Budnik
|h Dan
|
| 700 |
0 |
1 |
|a Sinclair
|h Kevin ,
|c 1942-
|
| 998 |
|
|
|a JPSM
|
| 999 |
|
|
|a 0000004426
|b Monograph
|c Open Shelf
|e Default branch
|